[Event "45th Olympiad 2024"]
[Site "Budapest HUN"]
[Date "2024.09.18"]
[Round "7.13"]
[Board "1"]
[White "Shirov, Alexei"]
[Black "Neiksans, Arturs"]
[Result "1/2-1/2"]
[WhiteElo "2666"]
[BlackElo "2571"]
[PlyCount "86"]
[EventDate "2024.09.11"]
[WhiteTeam "Spain"]
[BlackTeam "Latvia"]
[WhiteTeamCountry "ESP"]
[BlackTeamCountry "LAT"]

1. d4 f5 2. g3 Nf6 3. Bg2 g6 4. Nf3 Bg7 5. c4 O-O 6. Nc3 d6 7. O-O c6 8. d5 e5 9. dxe6 Bxe6 10. b3 Na6 11. Bf4 Nh5 ({RR} 11... Ne8 12. Rc1 Nc5 13. b4 Nd7 14. b5 Bxc4 15. bxc6 bxc6 16. Nd2 Bf7 17. Bxc6 Rc8 18. Nb5 Ne5 19. Bxe8 Qxe8 20. Rxc8 Qxc8 21. Nxd6 Qe6 22. Bxe5 Bxe5 23. Nxf7 Rxf7 24. Nf3 Bf6 25. Qc2 Rb7 26. Rb1 {1-0 Vachier Lagrave,M (2711)-Swiercz,D (2627) EU-ch rapid Warsaw 2012 (6)}) 12. Bg5 ({RR} 12. Rc1 Nxf4 13. gxf4 Re8 14. Qd2 Qa5 15. Rfd1 Rad8 16. Nd4 Bxd4 17. Qxd4 Qc5 18. Qf6 Nc7 19. Nd5 cxd5 20. cxd5 Rf8 21. Rxc5 Rxf6 22. Rxc7 Bc8 23. Rdc1 Rff8 24. e3 h6 25. h4 {1-0 Ouellet,M (2280)-Panico III,N (1945) Cherry Blossom Classic 2024 (1.6)}) 12... Qa5 13. Qxd6 Rae8 $146 ({RR} 13... Rfe8 14. Na4 Bxc4 15. bxc4 Qxa4 16. Rab1 Rab8 17. Qd2 Qxc4 18. Be3 Rbd8 19. Qc1 Qxc1 20. Rfxc1 Rd7 21. Kf1 c5 {½-½ Komljenovic,D (2465)-Ochoa de Echaguen,F (2430) Pamplona op 1995}) 14. Na4 Bxa1 15. Rxa1 Bxc4 16. bxc4 Qxa4 17. Rb1 Rf7 18. Ne5 Qxa2 19. Rd1 Rc7 20. Bh6 Ng7 21. Nd7 Qxe2 22. Nf6+ Kf7 23. Bxg7 Kxg7 24. Bf1 Qe7 25. Nxe8+ Qxe8 26. Qd4+ Kh6 27. Qh4+ Kg7 28. Qd4+ Kh6 29. c5 Qe7 30. Bxa6 bxa6 31. Qf4+ Kg7 32. h4 Rd7 33. Rd6 Rxd6 34. cxd6 Qd7 35. Qd4+ Kf7 36. Qc4+ Kf6 37. Qxa6 Qxd6 38. Qxa7 h5 39. Qa1+ Kf7 40. Qa2+ Ke7 41. Qa7+ Kf6 42. Qa1+ Qe5 43. Qa8 Qd6 1/2-1/2

[Event "45th Olympiad 2024"]
[Site "Budapest HUN"]
[Date "2024.09.18"]
[Round "7.13"]
[Board "2"]
[White "Meshkovs, Nikita"]
[Black "Anton Guijarro, David"]
[Result "1/2-1/2"]
[WhiteElo "2534"]
[BlackElo "2665"]
[PlyCount "133"]
[EventDate "2024.09.11"]
[WhiteTeam "Latvia"]
[BlackTeam "Spain"]
[WhiteTeamCountry "LAT"]
[BlackTeamCountry "ESP"]

1. Nf3 Nf6 2. d4 e6 3. c4 Bb4+ 4. Bd2 c5 5. Bxb4 cxb4 6. Nbd2 O-O 7. g3 b6 8. Bg2 Bb7 9. O-O a5 10. Rc1 d6 11. Re1 Qc7 12. e4 e5 13. Nh4 $146 ({RR} 13. Qc2 Na6 14. Nf1 Rfe8 15. dxe5 dxe5 16. N3d2 Rac8 17. Ne3 Qd6 18. Nd5 Bxd5 19. exd5 Nc5 20. Nb3 Nxb3 21. axb3 Rc7 22. Qd2 Rce7 23. Bh3 h6 24. Qe3 Rc7 25. Re2 Ree7 26. Rd2 Ne8 27. Re1 Kf8 {½-½ Mulyar,M (2385)-Colas,J (2285) Philadelphia int op 12th 2018 (7)}) ({RR} 13. Qc2 Nbd7 14. Bh3 Rfe8 15. Bxd7 Nxd7 16. d5 Nc5 17. Nb3 Na6 18. Nbd2 Rf8 19. h4 Bc8 20. Qd3 f5 21. Ng5 Nc5 22. Qe2 h6 23. Ne6 Nxe6 24. dxe6 Bxe6 25. exf5 Rxf5 26. Ne4 Rd8 27. Red1 Rf7 {0-1 Gascon del Nogal,J (2425)-Martinez Alcantara,J (2620) Titled Tuesday intern op 21st July blitz 2020 (1)}) 13... Nc6 14. Ndf3 g6 15. Qd2 Qe7 16. Qg5 Nd7 17. Qxe7 Nxe7 18. Bh3 Rfd8 19. Rcd1 Nf6 20. dxe5 dxe5 21. Nxe5 Bxe4 22. Nd7 Kg7 23. Rd6 Bc6 24. Rxe7 Bxd7 25. Bxd7 Kf8 26. Re2 Nxd7 27. Nf3 Rab8 28. Red2 Ke7 29. Rc6 Rdc8 30. Nd4 Nc5 31. Re2+ Kf8 32. Rf6 Kg7 33. Rd6 Rd8 34. Nb5 Rxd6 35. Nxd6 Rd8 36. Ne8+ Kf8 37. Nf6 h5 38. Nd5 b5 39. Ne3 bxc4 40. Nxc4 Rd1+ 41. Kg2 a4 42. Nb6 Ra1 43. Nd5 b3 44. axb3 axb3 45. Kf3 g5 46. Ke3 Rc1 47. f4 g4 48. Kd2 Rc2+ 49. Ke3 Rc1 50. Kd4 Na4 51. Ne3 Kg7 52. Rd2 Kg6 53. Rd3 Rc2 54. Rxb3 Rd2+ 55. Rd3 Rxb2 56. Ra3 Rd2+ 57. Kc4 Nb2+ 58. Kc3 Rxh2 59. Ra6+ f6 60. f5+ Kg5 61. Ra8 Rf2 62. Rg8+ Kh6 63. Rh8+ Kg5 64. Rg8+ Kh6 65. Rh8+ Kg5 66. Rg8+ Kh6 67. Rh8+ 1/2-1/2

[Event "45th Olympiad 2024"]
[Site "Budapest HUN"]
[Date "2024.09.18"]
[Round "7.13"]
[Board "3"]
[White "Vallejo Pons, Francisco"]
[Black "Kantans, Toms"]
[Result "1/2-1/2"]
[WhiteElo "2657"]
[BlackElo "2486"]
[PlyCount "159"]
[EventDate "2024.09.11"]
[WhiteTeam "Spain"]
[BlackTeam "Latvia"]
[WhiteTeamCountry "ESP"]
[BlackTeamCountry "LAT"]

1. e4 c5 2. Nf3 e6 3. b3 Nc6 4. Bb2 a6 5. g3 d5 6. exd5 exd5 7. Qe2+ Qe7 8. Qxe7+ Ngxe7 9. Bg2 Bf5 10. d3 O-O-O 11. O-O f6 12. Nbd2 Ng6 13. h4 h5 14. d4 Kc7 15. a3 cxd4 $146 ({RR} 15... Be7 16. dxc5 Bxc5 17. b4 Ba7 18. c4 dxc4 19. Nxc4 Bd3 20. Rfc1 Rhe8 21. Bf1 Bxf1 22. Kxf1 Rd5 23. Na5 Rf5 24. Nxc6 bxc6 25. Nd4 Bxd4 26. Bxd4 Re4 27. Rc5 Ne7 28. Re1 Rxe1+ 29. Kxe1 Kd7 30. Ke2 {1-0 Tilicheev,V (2437)-Perunovic,M (2624) Skopje Mitrov Tikata Memorial rapid 2015 (4)}) 16. Nxd4 Nxd4 17. Bxd4 Ne5 18. Bxe5+ fxe5 19. Rfe1 Bc5 20. b4 Ba7 21. Rxe5 Rhf8 22. Rf1 Bxc2 23. Rc1 Rxf2 24. Rxc2+ Kd6 25. Rxd5+ Ke6 26. Rxd8 Rxd2+ 27. Kf1 Rxc2 28. Bxb7 Rc3 29. Ra8 Bd4 30. Rxa6+ Kf5 31. Kg2 Be5 32. Bf3 Rc2+ 33. Kh3 Rc3 34. Kg2 Rc2+ 35. Kf1 Bxg3 36. Bxh5 Rf2+ 37. Ke1 Bxh4 38. Bg6+ Ke5 39. Kd1 Kd4 40. Rd6+ Kc4 41. Rd7 Bf6 42. Rc7+ Kb3 43. b5 Kxa3 44. b6 Be5 45. Rc5 Bh2 46. b7 Rb2 47. Be4 Rb4 48. Bd5 Rb6 49. Kc2 Bd6 50. Rc8 Kb4 51. Kd3 g5 52. Kd4 Bf4 53. Rc2 Kb5 54. Ra2 Kb4 55. Rb2+ Ka5 56. Rc2 Rb4+ 57. Kd3 Ka6 58. Kc3 Rxb7 59. Bxb7+ Kxb7 60. Kd4 Kb6 61. Kd5 Kb7 62. Rc6 g4 63. Rc4 Be3 64. Rxg4 Ba7 65. Rg7+ Ka8 66. Kc6 Bf2 67. Kc7 Be3 68. Rf7 Bd4 69. Rf5 Be3 70. Rf3 Bd4 71. Ra3+ Ba7 72. Rb3 Bf2 73. Rd3 Bg1 74. Rd8+ Ka7 75. Rd1 Bb6+ 76. Kc6 Bf2 77. Ra1+ Kb8 78. Rb1+ Ka8 79. Ra1+ Kb8 80. Ra8+ 1/2-1/2

[Event "45th Olympiad 2024"]
[Site "Budapest HUN"]
[Date "2024.09.18"]
[Round "7.13"]
[Board "4"]
[White "Miezis, Normunds"]
[Black "Santos Latasa, Jaime"]
[Result "0-1"]
[WhiteElo "2417"]
[BlackElo "2624"]
[PlyCount "82"]
[EventDate "2024.09.11"]
[WhiteTeam "Latvia"]
[BlackTeam "Spain"]
[WhiteTeamCountry "LAT"]
[BlackTeamCountry "ESP"]

1. c4 {Carlsen,Magnus ChessBase II} e5 2. Nc3 Nf6 3. Nf3 Nc6 4. g3 d5 5. cxd5 Nxd5 6. Bg2 Nb6 7. O-O Be7 8. a3 ({RR} 8. Rb1 a5 ({RR} 8... g5)) ({RR} 8. d3) 8... O-O ({RR} 8... g5) 9. b4 Be6 ({RR} 9... Re8) 10. Rb1 ({RR} 10. b5 Nd4 11. Nxe5 Bb3) 10... f6 11. d3 a5 ({RR} 11... Nd4 12. Nd2) 12. b5 Nd4 13. Nd2 Qc8 ({RR} 13... Bd5) ({RR} 13... Nd5 14. Bxd5 Bxd5 15. e3) 14. e3 Nf5 15. Nde4 ({RR} 15. Qc2 Rd8 ({RR} 15... a4) 16. Rd1 Nd6 17. Na4 Nxa4 18. Qxa4 Nf7 19. Ne4 Bd5 20. h4 Qe6 21. Nc3 Bxg2 22. Kxg2 f5 23. Bb2 Rd7 24. Qc4 Qxc4 25. dxc4 Rad8 26. Rd5 c6 27. bxc6 bxc6 28. Rxa5 Rd2 29. Na4 R2d7) ({RR} 15. Qc2 Rd8 16. Bb2 a4 17. Rfc1 Nd6 18. Nde4 Ne8 19. Qe2 ({RR} 19. Ne2 Bb3 20. Qc3 Qd7) 19... Bf8 ({RR} 19... Bh3 20. Bf3) 20. f4 exf4 21. gxf4 Qd7 22. d4 c6 ({RR} 22... Bc4 23. Qf2 Bd3 24. Nc5 Bxc5 25. dxc5 Nc4 ({RR} 25... Bxb1 26. Rxb1 Nc4 27. Bd5+) 26. Bxb7 Qg4+ 27. Qg2 Qxg2+ 28. Bxg2 Rab8) 23. Nc5 Bxc5 24. dxc5 Nc4 25. Rd1 Qc7 ({RR} 25... Nd2 26. bxc6 bxc6 27. Ne4 Nxb1 ({RR} 27... Bg4 28. Qxd2) 28. Rxd7 Rxd7 29. Nd6 ({RR} 29. Qe1 Rb8 30. Qxb1 Rdb7) 29... Nxd6 30. Bxc6) ({RR} 25... Qe7 26. bxc6 bxc6 27. Bxc6 Rxd1+ ({RR} 27... Rac8 28. Rxd8 Qxd8 29. Bxa4 Rxc5 30. Ne4 Rc8) 28. Rxd1 Rc8 29. Nd5 Qxc5 30. Bd4 Qd6 31. Qxc4 Kh8 32. Qxa4 Bxd5 33. Bxd5 Qxd5) 26. Bc1 Na5 27. bxc6 bxc6 28. Nxa4 ({RR} 28. Rb4 Nb3 ({RR} 28... Bb3 29. Rxd8 Rxd8 30. Bf1) 29. Nxa4 Nxc1 30. Rxc1 f5) 28... Rxd1+ ({RR} 28... Nb3 29. Nb6 ({RR} 29. Rxd8 Rxd8 30. Bb2) 29... Nxc1 ({RR} 29... Ra5) 30. Rbxc1 Rxd1+ 31. Qxd1 Rxa3 32. Qd4) 29. Qxd1 Rd8 {1-0 Carlsen,M (2801)-Kramnik,V (2772) London Classic 2009 (1)}) 15... a4 ({RR} 15... Rd8 16. Qc2 a4 17. Rd1 Kh8 18. Ne2 Nd6 19. Nc5 Bh3 20. Bh1 Ra7 21. Nc3 Bg4 22. Re1 Bd7 23. Nxd7 Qxd7 24. Rd1 f5 25. Bg2 Qe8 26. Bd2 Bf8 27. Be1 Be7 28. Qb2 Bf8 29. Ne2 Nf7 30. Bc3) ({RR} 15... Rd8 16. Qe2 a4 17. Bb2 Nh6 18. Rfc1 Nf7 19. Nd1 Qd7 20. d4 exd4 21. exd4 Nd5 22. Nc5 Bxc5 23. Rxc5 Re8 24. Ne3 Nxe3 25. fxe3 b6 26. Rc3 Bd5 27. Rxc7 Qxc7 28. Bxd5 Rad8 29. Bc6 Re6 30. e4 {½-½ Assaubayeva,B (2472)-Martirosyan,H (2681) Aeroflot Open A 2024 (4.2)}) 16. f4 exf4 $146 ({RR} 16... Qd7 17. Rf2 Rfd8 18. g4 Nh6 19. f5 Bb3 20. Qf3 Qxd3 21. Bf1 Qd7 22. h4 Kh8 23. g5 Ng8 24. gxf6 gxf6 25. Kh2 Bf7 26. Bb2 Nh6 27. Rd1 ({RR} 27. Bh3) 27... Qe8 28. Rxd8 Rxd8 29. Qg3 Qg8 30. Ng5 Bh5 31. Bh3 {0-1 Navrotescu,A (2270)-Le Marec,S (2152) Sautron op 15th 2015 (8.11)}) 17. Rxf4 Rd8 18. Qc2 Nh6 19. d4 Nf7 20. Nc5 Bxc5 21. dxc5 Nc4 22. Rb4 Nce5 23. Rbd4 Bb3 24. Qe2 c6 25. bxc6 bxc6 26. Bb2 Ng5 27. Rxd8+ Qxd8 28. Rd4 Qf8 29. Rd6 Ngf7 30. Bxc6 Nxc6 31. Rxc6 Ne5 32. Rd6 Nc4 33. Rd7 Qxc5 34. Nd5 Nxb2 35. Qg4 Qc1+ 36. Kg2 Bxd5+ 37. Rxd5 Qc6 38. e4 Nc4 39. Kh3 Ne3 40. Qd7 Qxd7+ 41. Rxd7 Ra5 0-1

[Event "45th Olympiad 2024"]
[Site "Budapest HUN"]
[Date "2024.09.18"]
[Round "7.14"]
[Board "1"]
[White "Garcia Pantoja, Roberto"]
[Black "Navara, David"]
[Result "1/2-1/2"]
[WhiteElo "2550"]
[BlackElo "2681"]
[PlyCount "62"]
[EventDate "2024.09.11"]
[WhiteTeam "Colombia"]
[BlackTeam "Czech Republic"]
[WhiteTeamCountry "COL"]
[BlackTeamCountry "CZE"]

1. e4 c6 2. d4 d5 3. exd5 cxd5 4. Bd3 Nc6 5. c3 Nf6 6. Bf4 Bg4 7. Nf3 e6 8. h3 Bxf3 9. Qxf3 Bd6 10. Bxd6 Qxd6 11. O-O O-O 12. Re1 Rad8 $146 ({RR} 12... e5 13. dxe5 Nxe5 14. Qg3 Nfd7 15. Bf5 Nc4 16. Qxd6 Nxd6 17. Bxd7 Rad8 18. Ba4 Ne4 19. Re2 f5 20. Bb3 f4 {1-0 Slamang,N-Steyn,S RSA-ch U20 Cape Town 2002 (4)}) 13. Qe3 Rfe8 14. f4 Nh5 15. Rf1 g6 16. Nd2 f6 17. g4 Ng7 18. Nf3 e5 19. fxe5 fxe5 20. Nxe5 Nxe5 21. dxe5 Qxe5 22. Qxe5 Rxe5 23. Rfe1 Rde8 24. Rxe5 Rxe5 25. Kf2 g5 26. h4 gxh4 27. Rh1 h5 28. Rxh4 Kf7 29. gxh5 Rxh5 30. Rxh5 Nxh5 31. Ke3 Ke6 1/2-1/2

[Event "45th Olympiad 2024"]
[Site "Budapest HUN"]
[Date "2024.09.18"]
[Round "7.14"]
[Board "2"]
[White "Nguyen, Thai Dai Van"]
[Black "Cardoso Cardoso, Jose Gabriel"]
[Result "1-0"]
[WhiteElo "2647"]
[BlackElo "2508"]
[PlyCount "99"]
[EventDate "2024.09.11"]
[WhiteTeam "Czech Republic"]
[BlackTeam "Colombia"]
[WhiteTeamCountry "CZE"]
[BlackTeamCountry "COL"]

1. e4 c5 2. Nf3 d6 3. d4 cxd4 4. Nxd4 Nf6 5. Nc3 a6 6. Be2 e5 7. Nb3 Be7 8. Be3 Be6 9. f4 Qc7 10. f5 Bc4 11. g4 ({RR} 11. Bxc4 Qxc4 12. Qd3 Qxd3 13. cxd3 Nc6 14. Ke2 d5 15. Bc5 d4 16. Na4 Nd7 17. Bxe7 Kxe7 18. Rac1 Rhc8 19. Nbc5 Nxc5 20. Rxc5 Nb4 21. a3 Rxc5 22. Nxc5 Nc6 23. Re1 Rb8 24. g4 Na7 25. Kd2 h6 {1-0 Smagin,S (2520)-Rashkovsky,N (2540) Paris-ch op 1990}) ({RR} 11. Bg5 Nbd7 12. Nd2 Bxe2 13. Qxe2 Nb6 14. a4 Nbd7 15. Nc4 Qc5 16. Ne3 h6 17. Bxf6 Nxf6 18. O-O O-O 19. Kh1 Rac8 20. Ned5 Bd8 21. Nxf6+ Bxf6 22. Rad1 Bg5 23. Rd3 b5 24. axb5 axb5 25. Rd5 Qc4 {1-0 Palao,A (1956)-Baio,L (1708) Maia Chess Open 2024 (7.22)}) 11... h6 12. Bxc4 $146 ({RR} 12. h3 Nbd7 13. Bxc4 Qxc4 14. Qd3 Rc8 15. O-O-O Qc7 16. Kb1 b5 ({RR} 16... Nb6 17. g5 hxg5 18. Bxg5 Nh5 19. Bxe7 Kxe7 20. Rdg1 Rh7 21. Rh2 Rch8 22. Ne2 Nf6 23. Nd2) 17. a3 Nb6 18. g5 hxg5 19. Bxg5 Nh5 20. Bxe7 Kxe7 21. Rdg1 Rh7 22. Rh2 Rch8 23. Ne2 Nf6 24. Nd2 Nc4 25. Nf1 Qc6 26. Nc3 a5 {1-0 Jones,K-Verber,R US Open-67 Seattle 1966 (3)}) ({RR} 12. Qd2 Nbd7 13. O-O-O O-O-O 14. Kb1 Nb8 15. Na4 Nbd7 16. Bf3 b5 17. Nc3 Nc5 18. Qf2 b4 19. Nxc5 dxc5 20. Na4 Nd7 21. Be2 Bb5 22. b3 Bxa4 23. Bxa6+ Kb8 24. bxa4 Nf6 25. Qf3 Qc6 26. Bb5 Qxe4 {½-½ Mohamed,E (1838)-Mouradian,S (1834) Asia Cities-ch 16th 2009 (3.9)}) ({RR} 12. Qd2 b5 13. Bf3 Nbd7 14. Kf2 Nb6 15. Bxb6 Qxb6+ 16. Qe3 Qc7 17. Rad1 Rd8 18. Kg2 Bxb3 19. cxb3 b4 20. Na4 Nd7 21. h4 O-O 22. g5 Kh7 23. Be2 Qb7 24. Bc4 Rc8 25. Kf3 Nc5 26. Nxc5 Rxc5 {1-0 Truong Thi Thanh,T-Nguyen Thi Anh,M VIE-chT (Women) 2009 (5)}) 12... Qxc4 13. Qf3 b5 14. a3 Nbd7 15. h4 d5 16. Nd2 Qc8 17. Nxd5 Qxc2 18. Nxe7 Kxe7 19. Ke2 Rac8 20. g5 Ne8 21. Rac1 Qxc1 22. Rxc1 Rxc1 23. gxh6 gxh6 24. Nb3 Rc2+ 25. Bd2 Nd6 26. Kd1 Rc4 27. Bb4 Rd8 28. Na5 Rd4+ 29. Ke1 Rc8 30. Nb3 Rxb4 31. axb4 Rc4 32. Nd2 Rxb4 33. b3 Rd4 34. h5 a5 35. Qe3 a4 36. bxa4 bxa4 37. Qxh6 Nxe4 38. Nxe4 Rxe4+ 39. Kd2 Nf6 40. Kc2 Re2+ 41. Kd1 Re4 42. Qg5 a3 43. Kc2 Re2+ 44. Kb1 Rb2+ 45. Ka1 Rf2 46. h6 Rh2 47. Qe3 Kd7 48. Qa7+ Kd6 49. Qxf7 Nd5 50. h7 1-0

[Event "45th Olympiad 2024"]
[Site "Budapest HUN"]
[Date "2024.09.18"]
[Round "7.14"]
[Board "3"]
[White "Avila Pavas, Santiago"]
[Black "Zilka, Stepan"]
[Result "1/2-1/2"]
[WhiteElo "2485"]
[BlackElo "2574"]
[PlyCount "118"]
[EventDate "2024.09.11"]
[WhiteTeam "Colombia"]
[BlackTeam "Czech Republic"]
[WhiteTeamCountry "COL"]
[BlackTeamCountry "CZE"]

1. e4 e5 2. Nf3 Nf6 3. Nc3 Nc6 4. d4 exd4 5. Nxd4 Bb4 6. Nxc6 bxc6 7. Bd3 d5 8. exd5 O-O 9. O-O Bg4 10. f3 Bh5 11. Bg5 Qd6 12. Bxf6 Qxf6 13. Ne4 ({RR} 13. dxc6 Bxc3 14. bxc3 Qxc3 15. Be4 Bg6 16. Qd7 Rad8 17. Qxc7 Qc5+ 18. Kh1 Bxe4 19. fxe4 Rc8 20. Qd7 Qxc6 21. Qxa7 Qxe4 22. Rfe1 Qxc2 23. a4 Qc5 24. Qxc5 Rxc5 25. a5 Ra8 26. a6 h5 27. Reb1 Kh7 {½-½ Nepomniachtchi,I (2774)-Caruana,F (2842) Candidates Tournament 2020 (11)}) 13... Qxb2 14. Rb1 ({RR} 14. dxc6 Bg6 15. Kh1 Rfd8 16. Qe2 Re8 17. Qf2 a5 18. a3 Bf8 19. Qg3 f5 20. Ng5 Bd6 21. Qh3 Qf6 22. f4 Bxf4 23. Rxf4 Qxa1+ 24. Rf1 Re1 25. Qf3 Rae8 26. h4 Rxf1+ 27. Bxf1 Re1 28. Qd5+ Kh8 {1-0 Khakhinov,I (2236)-Santeramo,A (2162) Titled Tue 12th Mar Early 2024 (8)}) 14... Qa3 $146 ({RR} 14... Qd4+ 15. Kh1 Bg6 16. dxc6 a5 17. Qe2 Qd5 18. c3 Ba3 19. Rb3 Bd6 20. Bc4 Qxc6 21. Bb5 Qb7 22. Nxd6 cxd6 23. Qd2 Qc7 {½-½ Heimann,A (2617)-Nabaty,T (2639) Bundesliga 1920 2019 (7.3)}) 15. dxc6 Ba5 16. Bc4 Rad8 17. Bd5 Rfe8 18. Rb3 Qf8 19. Rd3 Kh8 20. c4 f5 21. Ng3 Bg6 22. f4 Qc5+ 23. Kh1 Re7 24. Qb1 h5 25. Bf3 Rxd3 26. Qxd3 h4 27. Ne2 Bf7 28. Bd5 Bxd5 29. cxd5 Re4 30. Ng1 Bb6 31. Nh3 g6 32. Qf3 Rc4 33. Qd1 Qe3 34. Re1 Qc3 35. Ng5 Be3 36. Qe2 Rxf4 37. d6 cxd6 38. c7 Rc4 39. Nf7+ Kg8 40. Nxd6 Rxc7 41. Nb5 Qxe1+ 42. Qxe1 Rc1 43. Qxc1 Bxc1 44. Nxa7 Kf7 45. Nc6 Ba3 46. Ne5+ Kf6 47. Nf3 g5 48. Kg1 Bd6 49. a4 Bc7 50. Kf2 h3 51. gxh3 g4 52. hxg4 fxg4 53. Nd2 Bxh2 54. Ne4+ Ke5 55. Ng3 Bxg3+ 56. Kxg3 Kd4 57. Kxg4 Kc5 58. Kf4 Kb4 59. Ke4 Kxa4 1/2-1/2

[Event "45th Olympiad 2024"]
[Site "Budapest HUN"]
[Date "2024.09.18"]
[Round "7.14"]
[Board "4"]
[White "Vykouk, Jan"]
[Black "Valderrama Quiceno, Esteban Alb"]
[Result "1-0"]
[WhiteElo "2483"]
[BlackElo "2418"]
[PlyCount "101"]
[EventDate "2024.09.11"]
[WhiteTeam "Czech Republic"]
[BlackTeam "Colombia"]
[WhiteTeamCountry "CZE"]
[BlackTeamCountry "COL"]

1. e4 c6 2. Nf3 d5 3. Nc3 Bg4 4. h3 Bxf3 5. Qxf3 e6 6. Be2 Nf6 7. O-O Nbd7 8. d4 dxe4 9. Nxe4 Nxe4 10. Qxe4 Be7 11. c4 ({RR} 11. Rd1 O-O 12. c3 Bg5 13. f4 Bh6 14. g3 g6 15. Be3 Re8 16. Bf3 Qa5 17. Bf2 Rad8 18. Re1 Bg7 19. Qc2 Qc7 20. Re2 h5 21. Kg2 Nf6 22. Rae1 h4 23. g4 Qxf4 24. Bxh4 Qh6 25. Bg3 Nd5 {1-0 Nakamura,H (2736)-Harikrishna,P (2730) Chessable Masters Prelim rapid 2021 (1)}) ({RR} 11. b3 Nf6 12. Qe3 O-O 13. Bb2 Qc7 14. c4 c5 15. Rfd1 Rad8 16. Bf3 Rfe8 17. dxc5 Bxc5 18. Qe1 a5 19. Bc3 b6 20. Rxd8 Rxd8 21. Rd1 h6 22. Rd2 Qe7 23. Rxd8+ Qxd8 24. Qd2 Qc7 25. Qb2 Qf4 {½-½ Gullaksen,E (2305)-Lindbol,A (2246) TCh-NOR Club 2024 (6.2)}) 11... O-O 12. Be3 Nf6 13. Qc2 Rc8 $146 ({RR} 13... Qc7 14. Bf3 Rfd8 15. Rfd1 Rd7 16. g3 Rad8 17. Kg2 h6 18. Qa4 a6 19. Rd2 c5 20. Rad1 cxd4 21. Rxd4 Rxd4 22. Rxd4 Rxd4 23. Bxd4 Nd7 24. Qb3 Bc5 25. Bc3 Bb6 26. Qd1 Ne5 27. b3 Nxf3 28. Qxf3 {½-½ Medvegy,N (2336)-Juhasz,K (2268) HUN-chT 1011 2010 (4)}) ({RR} 13... Qc7 14. Rad1 Rfd8 15. Rd3 Ne4 16. Rfd1 Bf6 17. b4 Nd6 18. Bf4 Qe7 19. Be5 a5 20. a3 axb4 21. axb4 Nf5 22. Qb2 Ra4 23. d5 Bxe5 24. Qxe5 cxd5 25. cxd5 exd5 26. Rxd5 Rxd5 27. Rxd5 g6 28. Qxe7 {1-0 Hirneise,J (2254)-Sokratov,S (2192) Wuerttemberg-ch MT 2015 (3)}) ({RR} 13... Qc7 14. Rfd1 Rfd8 15. Bf3 Rd7 16. Rd3 Rad8 17. Rad1 Ne8 18. g3 Bf6 19. h4 Nd6 20. Bf4 Qc8 21. Bxd6 Rxd6 22. Qd2 Bxd4 23. Qe2 c5 24. Qe4 b6 25. Kg2 Qc7 26. b3 Qe7 27. h5 g6 28. hxg6 {0-1 Ermolaev,E (2299)-Chigaev,M (2542) Titled Tuesday intern op1 7th June blitz 2016 (1)}) 14. Rfd1 b5 15. b3 Qa5 16. a4 bxc4 17. bxc4 Rfd8 18. Rab1 Rd7 19. Bf3 h6 20. g3 Qa6 21. Rb2 Ba3 22. Rb3 Bf8 23. Rdb1 Ne8 24. g4 Rdd8 25. Qc3 Be7 26. Bg2 Bf6 27. c5 Rc7 28. Rb8 Rcc8 29. R8b7 Rc7 30. Rb8 Rcc8 31. R8b3 Rc7 32. Bf1 Qc8 33. Rb8 Qd7 34. Rxd8 Qxd8 35. Bf4 Rc8 36. Ba6 Bxd4 37. Qf3 e5 38. Bxc8 Qxc8 39. Be3 Nf6 40. Bxd4 exd4 41. Qf4 Nd7 42. Qxd4 h5 43. Qd6 hxg4 44. hxg4 Nf8 45. f3 Nd7 46. a5 Kh7 47. Kf2 Nf6 48. Rh1+ Kg6 49. Qd3+ Kg5 50. f4+ Kxf4 51. Qe3+ 1-0

[Event "45th Olympiad 2024"]
[Site "Budapest HUN"]
[Date "2024.09.18"]
[Round "7.15"]
[Board "1"]
[White "Rodshtein, Maxim"]
[Black "Stefansson, Vignir Vatnar"]
[Result "1-0"]
[WhiteElo "2600"]
[BlackElo "2531"]
[PlyCount "72"]
[EventDate "2024.09.11"]
[WhiteTeam "Israel"]
[BlackTeam "Iceland"]
[WhiteTeamCountry "ISR"]
[BlackTeamCountry "ISL"]

1. c4 e6 2. Nc3 d5 3. d4 Nf6 4. cxd5 Nxd5 5. e4 Nxc3 6. bxc3 c5 7. Rb1 Be7 8. Nf3 O-O 9. h4 b6 10. h5 h6 11. Rh3 cxd4 12. cxd4 Bb7 13. Rg3 Kh8 14. Bd3 Nc6 15. Qd2 Rg8 16. Kf1 Rc8 17. d5 $146 ({RR} 17. a3 Qc7 18. Bb2 Na5 19. d5 f6 20. Rg6 Rgf8 21. Rxh6+ Kg8 22. Rg6 Nc4 23. Qh6 Bxa3 24. Ng5 Rf7 25. Qh7+ Kf8 26. Bxa3+ Nxa3 27. Nxe6+ {1-0 Krstulovic,A (2446)-Eletskikh,A (2231) 17th Arad Open 2024 (2.21)}) 17... exd5 18. exd5 Nb8 19. Ne5 Bxd5 20. Qf4 Nd7 21. Bb2 Nf6 22. Qf5 Qe8 23. Rg6 fxg6 24. Nxg6+ Qxg6 25. Qxg6 Bc4 26. Bxc4 Rxc4 27. Re1 Bd8 28. Rd1 Rb4 29. Bc3 Rc4 30. Rd3 Rc5 31. f4 Rc6 32. g4 Rc4 33. Be5 Bc7 34. Rc3 Rxc3 35. Bxc3 Rf8 36. g5 Bd8 1-0

[Event "45th Olympiad 2024"]
[Site "Budapest HUN"]
[Date "2024.09.18"]
[Round "7.15"]
[Board "2"]
[White "Kjartansson, Gudmundur"]
[Black "Gorshtein, Ido"]
[Result "1/2-1/2"]
[WhiteElo "2478"]
[BlackElo "2543"]
[PlyCount "93"]
[EventDate "2024.09.11"]
[WhiteTeam "Iceland"]
[BlackTeam "Israel"]
[WhiteTeamCountry "ISL"]
[BlackTeamCountry "ISR"]

1. d4 Nf6 2. c4 e6 3. Nf3 d5 4. g3 Bb4+ 5. Bd2 Be7 6. Bg2 O-O 7. O-O c6 8. Qc2 b6 9. Bf4 Bb7 10. Rd1 Nbd7 11. Nc3 Rc8 12. b3 c5 13. cxd5 Nxd5 14. Nxd5 Bxd5 15. e4 cxd4 16. Qe2 Bb7 17. Nxd4 Qe8 18. Nb5 Ba6 19. Bf1 $146 ({RR} 19. a4 Nb8 20. e5 Rc5 21. Qg4 f5 22. exf6 Bxf6 23. Nd6 Qe7 24. Ne4 e5 25. Nxc5 exf4 26. Nxa6 Nxa6 27. Rac1 fxg3 28. hxg3 Nc5 29. a5 Kh8 30. axb6 axb6 31. b4 Na4 32. Rc8 Nc3 33. Rxf8+ Qxf8 {1-0 Mikhalevski,V (2572)-Kacheishvili,G (2597) CCA-ICC op Lake George 2005 (3)}) 19... e5 20. Be3 Nc5 21. Qc4 Bxb5 22. Qxb5 Nxe4 23. Qxe5 Bf6 24. Qxe8 Rfxe8 25. Rac1 Nc3 26. Rd7 Rxe3 27. fxe3 Ne2+ 28. Bxe2 Rxc1+ 29. Kf2 a5 30. Rb7 Kf8 31. Rxb6 Rc7 32. Bc4 Bc3 33. Ke2 Rd7 34. a3 g6 35. h4 h5 36. b4 axb4 37. axb4 Re7 38. Bd5 Bd4 39. Rb7 Rxe3+ 40. Kd2 Re7 41. Rxe7 Kxe7 42. Ke2 f5 43. Kf3 Kf6 44. b5 Bb6 45. Bc4 Bc7 46. Bd5 Bb6 47. Bc4 1/2-1/2

[Event "45th Olympiad 2024"]
[Site "Budapest HUN"]
[Date "2024.09.18"]
[Round "7.15"]
[Board "3"]
[White "Nabaty, Tamir"]
[Black "Stefansson, Hannes"]
[Result "1-0"]
[WhiteElo "2630"]
[BlackElo "2471"]
[PlyCount "83"]
[EventDate "2024.09.11"]
[WhiteTeam "Israel"]
[BlackTeam "Iceland"]
[WhiteTeamCountry "ISR"]
[BlackTeamCountry "ISL"]

1. d4 Nf6 2. c4 e6 3. Nf3 d5 4. e3 Bd6 5. c5 Be7 6. b4 O-O 7. Bb2 b6 8. Nbd2 ({RR} 8. Nc3 a5 9. a3 c6 10. Bd3 Ba6 11. O-O Bxd3 12. Qxd3 Nbd7 13. Rfc1 Qb8 14. Qc2 Qb7 15. h3 Rfb8 16. Rcb1 Bd8 17. Na4 axb4 18. axb4 Ne4 19. Bc1 Bf6 20. Nd2 Nxd2 21. Bxd2 e5 22. dxe5 Bxe5 {½-½ Tabatabaei,M (2696)-Vidit,S (2747) Chessable Play-In Match D3 2024 (1.1)}) 8... a5 9. a3 c6 $146 ({RR} 9... Nfd7 10. Qc2 c6 11. Bd3 axb4 12. axb4 Rxa1+ 13. Bxa1 bxc5 14. dxc5 f5 15. Nd4 Nf6 16. O-O Qc7 17. f4 Ng4 18. Re1 e5 19. fxe5 Qxe5 20. N4f3 Qc7 21. h3 Nh6 22. Be5 Qb7 23. Rb1 Na6 24. Qa4 {1-0 MacKenzie,G-Tarrasch,S DSB Kongress-04 Meisterturnier 1885 (15)}) 10. Be2 Ba6 11. O-O Qc8 12. cxb6 Nbd7 13. bxa5 Bxe2 14. Qxe2 Rxa5 15. Bc3 Rxa3 16. Rxa3 Bxa3 17. Ra1 Bd6 18. Qa6 Qxa6 19. Rxa6 Rb8 20. Ba5 Kf8 21. Nb3 Ne4 22. Ne5 Nxe5 23. dxe5 Nc5 24. Bb4 Nxa6 25. Bxd6+ Ke8 26. Bxb8 Nxb8 27. Nc5 Nd7 28. b7 Nb8 29. Kf1 Kd8 30. Ke2 Kc7 31. Kd3 Kb6 32. Kd4 g6 33. g4 Kb5 34. h4 h6 35. h5 gxh5 36. gxh5 Ka5 37. f4 Kb6 38. e4 dxe4 39. Nxe4 c5+ 40. Kc4 Kxb7 41. Nd6+ Kc6 42. Nxf7 1-0